00625nam a22002297a 4500003000500000005001700005008004100022010001000063011001000073035001000083040000900093082001500102100002600117245002600143250001000169260001200179300001700191505012600208650002000334700002300354700001800377CHAP20220329134340.0971013s1957 r 00010 d a19130 a20102 a24190 cCHAP a545.8bA5500aAllport, Noel Lionel. aColorimetric analysis a2 ed. c1957-63 a2 v.b: ilus aContenido: v.1 Determinations of clinical and biochemical significance.- v.2 metals, acid radicles and organic substances14aColorimetría.0 aBrocksopp, John E.0 aKeyser, J. W.